معالم منهج دراسة المسيحية بين أبى محمد بن حزم و إسماعيل راجى الفاروقى /
Saved in:
| 主要作者: | |
|---|---|
| 其他作者: | |
| 格式: | Thesis |
| 語言: | Arabic |
| 出版: |
Kuala Lumpur :
al-Jami'ah al-Islamiyah al-'Alamiyah Maliziya,
1999
|
| 主題: | |
| 在線閱讀: | http://studentrepo.iium.edu.my/handle/123456789/9177 |
| 標簽: |
添加標簽
沒有標簽, 成為第一個標記此記錄!
|
| LEADER | 023020000a22004330004500 | ||
|---|---|---|---|
| 001 | 189348 | ||
| 005 | 20230613062630.0 | ||
| 008 | 000812s1999 my g 000 0 ara d | ||
| 035 | |a (Sirsi) 189348 | ||
| 040 | |a UIAM |b eng | ||
| 041 | 0 | |a ara | |
| 050 | 0 | 0 | |a BR124 |
| 100 | 1 | |a باخة، زينة |9 113634 | |
| 242 | 1 | 0 | |a Ma'alim manhaj dirasat al-Masihiyah bayna Abi Muhammad ibn Hazm wa-Isma'il Raji al-Faruqi |
| 245 | 1 | 0 | |a معالم منهج دراسة المسيحية بين أبى محمد بن حزم و إسماعيل راجى الفاروقى / |c زينة بنت محمد باخة |
| 260 | |a Kuala Lumpur : |b al-Jami'ah al-Islamiyah al-'Alamiyah Maliziya, |c 1999 | ||
| 300 | |a [xii] , 108 p. ; |c 30 cm. | ||
| 336 | |2 rdacontent | ||
| 337 | |2 rdamedia | ||
| 338 | |2 rdacarrier | ||
| 500 | |a "Bahth takmili muqaddam li-nayl darajat al-Majistir fi 'ulum al-wahy wa-al- turath (usul al-din wa-muqaranah al-adyan)."--On t.p. | ||
| 500 | 0 | |a Abstracts in English and Arabic. | |
| 502 | |a Thesis (M.A.) -- International Islamic University Malaysia, 1999 | ||
| 504 | |a Includes bibliographical references (leaves 105-108). | ||
| 600 | 1 | 0 | |a Al-Faruqi, Isma'il R., |d 1921- |x Views on Christianity |9 113635 |
| 600 | 1 | 0 | |a Ibn Hazm, 'Ali ibn Ahmad, |d 994-1064 |x Views on Christianity |9 113636 |
| 650 | 0 | |a Islam |x Relations |x Christianity |9 9803 | |
| 650 | 0 | |a Christianity and other religions |x Islam |9 19501 | |
| 655 | 0 | 7 | |a Theses, IIUM local |
| 690 | 0 | |a Dissertations, Academic |x Department of Usuluddin and Comparative Religion |z IIUM |9 26886 | |
| 700 | 1 | |a Bakha, Zina |9 113637 | |
| 710 | 2 | |a International Islamic University Malaysia. |b Department of Usuluddin and Comparative Religion |9 26671 | |
| 856 | 4 | |u http://studentrepo.iium.edu.my/handle/123456789/9177 | |
| 900 | |a amag-bal-sa-naw | ||
| 942 | |2 lcc |n 0 | ||
| 999 | |c 431395 |d 462886 | ||
| 952 | |0 0 |6 T BR 124B 168M 1999 |7 0 |8 THESES |9 751166 |a IIUM |b IIUM |c MULTIMEDIA |g 0.00 |o t BR 124B 168M 1999 |p 00011284504 |r 2017-10-19 |t 2 |v 0.00 |y THESIS | ||
| 952 | |0 0 |6 LU T BR 124B 168M 1999 |7 0 |8 THESES |9 751167 |a IIUM |b IIUM |c CLOSEACCES |g 0.00 |o lu t BR 124B 168M 1999 |p 00000616827 |r 2017-10-24 |t 1 |v 0.00 |y THESIS | ||
| 952 | |0 0 |6 TS CDF BR124B168M 1999 |7 0 |8 THESES |9 802568 |a IIUM |b IIUM |c MULTIMEDIA |g 0.00 |o ts cdf BR124B168M 1999 |p 11100325734 |r 2017-10-26 |t 1 |v 0.00 |y THESISDIG | ||
